Desafios en las carreras directivas
Enregistré dans:
| Auteurs principaux: | , , |
|---|---|
| Format: | Livre |
| Langue: | espagnol |
| Publié: |
Barcelona
Folio
1997
|
| Collection: | Biblioteca Eise de Gestión de Empresas
|
| Sujets: | |
| Tags: |
Ajouter un tag
Pas de tags, Soyez le premier à ajouter un tag!
|
MARC
| LEADER | 00000nam a2200000 a 4500 | ||
|---|---|---|---|
| 001 | UCP3110 | ||
| 003 | CL-VaPUC | ||
| 008 | 990611e19970000SP |||||||||||||||||spa|d | ||
| 082 | 0 | 4 | |a 658.1 |b CHI |2 21 |
| 100 | 0 | |a Chinchilla, María N |e author |9 430225 | |
| 700 | 0 | |a Pin, J. R |e author |9 430226 | |
| 700 | 0 | |a Alvarez, J. L |e author |9 430227 | |
| 245 | 1 | 0 | |a Desafios en las carreras directivas |
| 300 | |a 81 p | ||
| 942 | |c BK | ||
| 945 | |d 19990611 00:00:00 |a rbrito | ||
| 260 | |a Barcelona |b Folio |c 1997 | ||
| 650 | 0 | |a Administración |9 259325 | |
| 650 | 0 | |a Organización |9 256369 | |
| 650 | 0 | |a Gestión |9 260993 | |
| 650 | 0 | |a Administradores |9 342221 | |
| 583 | |a last modification |c 19990611 00:00:00 |k Rodrigo Vera | ||
| 490 | 0 | |a Biblioteca Eise de Gestión de Empresas | |
| 999 | |c 281539 |d 281537 | ||
| 952 | |0 0 |1 0 |4 0 |6 658_100000000000000_CHI_1997 |7 0 |8 A |9 322323 |a BIBENE |b BIBENE |d 2019-11-20 |i 3480135 |o 658.1 CHI 1997 |p 3480135 |r 2025-01-15 |w 2019-11-20 |y BK |k ICO | ||